Analysis of linear circuits / (Record no. 180485)
[ view plain ]
| 000 -LEADER | |
|---|---|
| fixed length control field | 01210 a2200217 4500 |
| 003 - CONTROL NUMBER IDENTIFIER | |
| control field | Nust |
| 005 - DATE AND TIME OF LATEST TRANSACTION | |
| control field | 20221028194045.0 |
| 010 ## - LIBRARY OF CONGRESS CONTROL NUMBER | |
| LC control number | 88023119 |
| 020 ## - INTERNATIONAL STANDARD BOOK NUMBER | |
| International Standard Book Number | 007909340X (set) |
| 040 ## - CATALOGING SOURCE | |
| Transcribing agency | Nust |
| 082 00 - DEWEY DECIMAL CLASSIFICATION NUMBER | |
| Classification number | 621.31042,PAU |
| 100 1# - MAIN ENTRY--PERSONAL NAME | |
| Personal name | Paul, Clayton R. |
| 9 (RLIN) | 41146 |
| 245 10 - TITLE STATEMENT | |
| Title | Analysis of linear circuits / |
| Statement of responsibility, etc. | Clayton R. Paul. |
| 260 ## - PUBLICATION, DISTRIBUTION, ETC. | |
| Place of publication, distribution, etc. | New York : |
| Name of publisher, distributor, etc. | McGraw-Hill, |
| Date of publication, distribution, etc. | c1989. |
| 300 ## - PHYSICAL DESCRIPTION | |
| Extent | xxi, 792 p. : |
| Other physical details | ill. ; |
| Dimensions | 24 cm. |
| 440 #0 - SERIES STATEMENT/ADDED ENTRY--TITLE | |
| Title | McGraw-Hill series in electrical engineering. |
| 9 (RLIN) | 20188 |
| 505 ## - FORMATTED CONTENTS NOTE | |
| Formatted contents note | Basic Definitions and Laws (Page-3), Basic Circuit Elements and Analysis Techniques (Page-29), Systematic Circuit Equation Formulation and Solution (Page-76), Additional Analysis Techniques (Page-123), The Energy Storage Elements (Page-196), Sinusoidal Excitation of Circuits (Page-241), Frequency Domain Response of Circuits (Page-333), Time-Domain Response of First-Order Circuits (Page-409), Time-Domain Response of Second-Order Circuits (Page-499), Input-Output Descriptions of Circuits (Page-562), The Laplace Transform (Page-606), Fourier Analysis (Page-654), Two-Ports (Page-715). |
| 650 #0 - SUBJECT ADDED ENTRY--TOPICAL TERM | |
| Topical term or geographic name entry element | Electric circuit analysis. |
| 9 (RLIN) | 2075 |
| 650 #0 - SUBJECT ADDED ENTRY--TOPICAL TERM | |
| Topical term or geographic name entry element | Electric circuits, Linear. |
| 9 (RLIN) | 94376 |
| 942 ## - ADDED ENTRY ELEMENTS (KOHA) | |
| Source of classification or shelving scheme | |
| Koha item type | Book |
| Withdrawn status | Lost status | Source of classification or shelving scheme | Damaged status | Not for loan | Permanent Location | Current Location | Shelving location | Date acquired | Full call number | Barcode | Date last seen | Price effective from | Koha item type | Public note |
|---|---|---|---|---|---|---|---|---|---|---|---|---|---|---|
| Military College of Signals (MCS) | Military College of Signals (MCS) | General Stacks | 12/12/2016 | 621.31042,PAU | MCS5069 | 12/08/2016 | 12/12/2016 | Book | Almirah No.29, Shelf No.1 | |||||
| Military College of Signals (MCS) | Military College of Signals (MCS) | General Stacks | 12/12/2016 | 621.31042,PAU | MCS5070 | 12/08/2016 | 12/12/2016 | Book | Almirah No.29, Shelf No.1 |
